000 00637nam a2200229Ia 4500
003 OSt
005 20220924123745.0
006 a|||||r|||| 00| 0
007 ta
008 220923b |||||||| |||| 00| 0 ara d
024 _a337805
037 _cTextual
040 _aARTS
_cARTS
_bara
041 _2ara
_aara
082 _aO168,1NHA:g, 28P4
100 _aAshraf Mohammad Sulaiman Au.
245 0 _aHali wal adabul arbi
260 _aNew Delhi
_b Kukhul ilm India
_c2004
650 _aURDU POETRY
942 _hO168,1NHA:g, 28P4
_cTEXL
_2CC
999 _c416981
_d416981